| 000 | 00665nac a22001811u 4500 | ||
|---|---|---|---|
| 020 | _a0471295884 | ||
| 082 |
_a657.3 _bRUP |
||
| 090 |
_c9475 _d9475 |
||
| 100 | _aRuppel, Warren | ||
| 245 |
_aWiley GAAP for governments 2001 : _binterpretation and application of generally accepted accounting principles for state and local governments / _cWarren Ruppel. |
||
| 260 |
_aNew York: _bWiley, 2001. _c2001 |
||
| 300 |
_a594p.; _c23 cm. |
||
| 500 | _adistributer: Al-Ahram | ||
| 511 | _acatalogued by: wessam | ||
| 650 | _aFinancial statements | ||
| 650 |
_aAccounting _x Standards _z United States. |
||
| 942 |
_cBB _k657.3RUP |
||
| 999 |
_c9475 _d9475 |
||